01631nam a2200265 a 450000100100000000500170001000800410002704000250006808200190009310000340011224500670014626000680021330000360028159000260031765000280034365000310037170000260040291000370042895201960046595201280066195201960078995201750098595201900116099900150135000000918020240412074210.0090928s1945 dr c 000 p spa d aDO-SdBNPbspacBNPHU aRD861.3bF438t1 aFiallo, Albertod1864-92384910aEn tono violeta :bpoesías /cAlberto Fiallo, Ramona Fiallo. aCiudad Trujillo, República Dominicana :bPol Hermanos,c1945. a147 p. :bil., retrs. ;c21 cm. aInventariado, 2018/LP 0aPoesía dominicana966 0aLiteratura dominicana.9671 aFiallo, Ramona923850 aValidado. Control de calidad MFF 001054708RVaGRbGRcHDd2011-08-10iLF1l0oRD861.3 F438tp9180-30r2020-06-25te. 3w2020-06-25y4zPerteneció a la biblioteca personal de Carlos Larrabazal Blanco.ZPréstamo en sala 001054708RVaGRbGRcHDd2011-08-30iLF1l0oRD861.3 F438tp9180-40r2020-06-25te. 4w2020-06-25y4ZPréstamo en sala 001054708RVaGRbGRcHDd2018-08-31iLF1l0oRD861.3 F438tp9180-50r2020-06-25te. 5w2020-06-25y4zPerteneció a la biblioteca personal de Carlos Larrazabal Blanco.ZPréstamo en sala 001050718RVaPDbPDcHDd2009-09-28iLF1l0oRD861.3 F438tp9180-10r2020-06-25w2020-06-25y1zPerteneció a la biblioteca personal de Martínez Boog.ZNo se presta 001050718RVaPDbPDcHDd2011-08-10iLF1l0oRD861.3 F438tp9180-20r2020-06-25te. 2w2020-06-25y1zPerteneció a la biblioteca personal de F. Henríquez y CarvajalZNo se presta c8943d8943